Programmed statistics (Questions - Answers) (Record no. 17670)

MARC details
000 -LEADER
fixed length control field 00508nam a22001697a 4500
008 - FIXED-LENGTH DATA ELEMENTS--GENERAL INFORMATION
fixed length control field 190517b xxu||||| |||| 00| 0 eng d
020 ## - INTERNATIONAL STANDARD BOOK NUMBER
International Standard Book Number 8122414585
040 ## - CATALOGING SOURCE
Original cataloging agency KABU
Transcribing agency KABU
050 ## - LIBRARY OF CONGRESS CALL NUMBER
Classification number QA276
Item number .A33 2003 c. 1
100 ## - MAIN ENTRY--PERSONAL NAME
Personal name Agarwal, B.L.
245 ## - TITLE STATEMENT
Title Programmed statistics (Questions - Answers)
Statement of responsibility, etc. B.L. Agarwal
250 ## - EDITION STATEMENT
Edition statement 2nd ed.
260 ## - PUBLICATION, DISTRIBUTION, ETC. (IMPRINT)
Place of publication, distribution, etc. New Delhi
Name of publisher, distributor, etc. New Age International (P) Limited
Date of publication, distribution, etc. 2003
300 ## - PHYSICAL DESCRIPTION
Extent xxv, 629 p.
650 ## - SUBJECT ADDED ENTRY--TOPICAL TERM
Topical term or geographic name as entry element Statistics (Computer program)
942 ## - ADDED ENTRY ELEMENTS (KOHA)
Source of classification or shelving scheme Library of Congress Classification
Koha item type General Collection
Classification part QA276
Holdings
Withdrawn status Lost status Source of classification or shelving scheme Not for loan Home library Current library Date acquired Cost, normal purchase price Total Checkouts Total Renewals Full call number Barcode Date last seen Date last checked out Copy number Price effective from Koha item type
    Library of Congress Classification   Kabarak, Main Campus Kabarak, Main Campus 17/05/2019 1856.00 7 1 QA276 .A33 2003 c. 1 022424 13/07/2023 20/06/2023 c. 1 17/05/2019 General Collection
Designed with assistance from East African Informatics Ltd